Winter Olympics Host Countries - Sudden Death - Statistics

General Stats
  • This quiz has been taken 200 times
    182 since last reset
  • The average score is 8 of 13
Answers on the Grid
Answers color-coded by a green-red scale on the quiz's grid according to % correct below.
Australia
Austria
Belgium
Brazil
Canada
China
Denmark
Finland
France
Germany
Greece
Italy
Japan
Mexico
New Zealand
Norway
Portugal
Russia
South Korea
Spain
Switzerland
United Kingdom
United States
Yugoslavia
 
Answer Stats
Answer % Correct
1964, 1976 Austria
80%
1988, 2010 Canada
76%
2014 Russia
70%
1932, 1960, 1980, 2002 United States
70%
1924, 1968, 1992 France
65%
1956, 2006, 2026 Italy
65%
2022 China
62%
1952, 1994 Norway
62%
1972, 1998 Japan
61%
1928, 1948 Switzerland
58%
2018 South Korea
53%
1932 Germany
51%
1984 Yugoslavia
46%
No matching quizzes found
Score Distribution
Percent of People with Each Score
Percentile by Number Answered
Your Score History
You have not taken this quiz since the last reset